000 00635nam a22001697a 4500
003 OSt
005 20171010095446.0
008 120615t xxu||||| |||| 00| 0 eng d
040 _aMMSU
_cULS
100 _aFillomena, Shierwin J., et al.
_910365
245 _aEvaluation of the engineering properties of Pamplona river aggregates as portland cement concrete pavement
_cShierwin, Fillomena J., et al.
260 _c2007
300 _ax, [55] leaves
_c28 cm.
500 _aThesis (BS Civil Engineering) -- Mariano Marcos State University-College of Engineering, Batac City
504 _aBibliography: leaf 30
942 _2ddc
_cTHEDIS
999 _c9569
_d9569